[Event "Aegean op 42nd"]
[Site "Aghios Kirykos"]
[Date "2019.07.17"]
[Round "9"]
[White "Gazis, Efstathios"]
[Black "Stets, Dmitry"]
[Result "0-1"]
[WhiteElo "2177"]
[BlackElo "2371"]
[PlyCount "112"]
[EventDate "2019.07.09"]
[EventType "swiss"]
[EventRounds "9"]
[EventCountry "GRE"]
[SourceTitle "EXT 2020"]
[Source "ChessBase"]
[SourceDate "2019.10.17"]
[SourceVersion "1"]
[SourceVersionDate "2019.10.17"]
[SourceQuality "1"]

1. e4 c5 2. Nf3 d6 3. Bb5+ Nd7 4. c3 Ngf6 5. Qe2 a6 6. Ba4 e6 7. 0-0 Be7 8. d4 b5 9. Bc2 Bb7 10. a4 0-0 11. Bf4 Re8 12. Nbd2 Qc7 13. Rfc1 e5 14. dxe5 dxe5 15. Bg5 c4 16. Nh4 h6 17. Bxf6 Bxf6 18. Nf5 Bg5 19. h4 Bxd2 20. Qxd2 Nf6 21. Qe3 Bc8 22. axb5 Bxf5 23. exf5 axb5 24. Be4 Rxa1 25. Rxa1 Qd6 26. g3 Rd8 27. Bf3 Re8 28. Be4 b4 29. Qe2 Rc8 30. Bb7 Rc7 31. Rd1 Qb6 32. Bg2 bxc3 33. bxc3 Qa5 34. Rd8+ Kh7 35. Qb2 Nd7 36. Be4 Ra7 37. Rc8 Rc7 38. Ra8 Ra7 39. Rxa7 Qxa7 40. Qb5 Qc7 41. Bc6 Nb6 42. Kg2 Kg8 43. Kf3 Nc8 44. Bd5 Nd6 45. Qb4 Qd7 46. Be4 h5 47. Ke3 Qa7+ 48. Kf3 Nxe4 49. Kxe4 Qxf2 50. Qb8+ Kh7 51. Qxe5 f6 52. Qf4 Qc2+ 53. Kd5 Qxc3 54. g4 Qe5+ 55. Qxe5 fxe5 56. Kxc4 hxg4 0-1

[Event "Aegean op 42nd"]
[Site "Aghios Kirykos"]
[Date "2019.07.15"]
[Round "7"]
[White "Alexakis, Dimitrios"]
[Black "Stets, Dmitry"]
[Result "0-1"]
[WhiteElo "2088"]
[BlackElo "2371"]
[PlyCount "90"]
[EventDate "2019.07.09"]
[EventType "swiss"]
[EventRounds "9"]
[EventCountry "GRE"]
[SourceTitle "EXT 2020"]
[Source "ChessBase"]
[SourceDate "2019.10.17"]
[SourceVersion "1"]
[SourceVersionDate "2019.10.17"]
[SourceQuality "1"]

1. e4 c5 2. Nf3 d6 3. d4 Nf6 4. Nc3 cxd4 5. Nxd4 g6 6. Be3 Bg7 7. Be2 0-0 8. 0-0 Nc6 9. Qd2 d5 10. exd5 Nxd5 11. Nxd5 Nxd4 12. Bc4 Nf5 13. Bg5 Be6 14. c3 h6 15. Bf4 g5 16. Be3 Nxe3 17. fxe3 Qd6 18. Rad1 Qc5 19. Qe2 b5 20. Bb3 a5 21. a3 Rfd8 22. Qf3 Kh8 23. Kh1 f5 24. e4 f4 25. Bc2 Be5 26. h3 Kg7 27. Qe2 Rab8 28. Rd2 Rf8 29. Bd3 a4 30. Qf3 Rf7 31. Be2 Kh8 32. Qd3 Rg7 33. Bg4 Bf7 34. Nb4 Bc4 35. Qf3 Bxf1 36. Qxf1 Qe3 37. Re2 Qb6 38. Rd2 e6 39. Qd1 Rgg8 40. Nd3 Bg7 41. Bf3 Rbd8 42. h4 Bf6 43. e5 Be7 44. h5 Qe3 45. Qe2 g4 0-1

[Event "Bamberg op 2nd"]
[Site "Bamberg"]
[Date "2019.06.01"]
[Round "6"]
[White "Plat, Vojtech"]
[Black "Stets, Dmitry"]
[Result "1/2-1/2"]
[WhiteElo "2540"]
[BlackElo "2391"]
[PlyCount "75"]
[EventDate "2019.05.29"]
[EventType "swiss"]
[EventRounds "7"]
[EventCountry "GER"]
[SourceTitle "CBM 190 Extra"]
[Source "ChessBase"]
[SourceDate "2019.07.15"]
[SourceVersion "1"]
[SourceVersionDate "2019.07.15"]
[SourceQuality "1"]

1. e4 c5 2. Nf3 d6 3. d4 Nf6 4. Nc3 cxd4 5. Qxd4 Bd7 6. Bg5 Nc6 7. Qe3 e6 8. 0-0-0 a6 9. Kb1 Qc7 10. Bxf6 gxf6 11. Be2 0-0-0 12. Na4 Kb8 13. Nb6 Be8 14. Rd3 h5 15. Nd2 f5 16. f3 Bh6 17. Qf2 Bxd2 18. Rxd2 fxe4 19. fxe4 Ne5 20. Rhd1 Bc6 21. Bf3 Ng4 22. Qg1 Nxh2 23. Qxh2 Qxb6 24. Rxd6 Rxd6 25. Qxd6+ Qc7 26. Qd4 e5 27. Qd2 Qe7 28. Qe3 h4 29. Rh1 Qf6 30. b3 Kc7 31. a4 Qh6 32. Qc5 Qd6 33. Qc3 Kb8 34. Qe3 Qh6 35. Qd3 Qf6 36. Rf1 Qe7 37. Qc4 Rd8 38. Qc3 1/2-1/2

[Event "Thessaloniki Triandria op 12th"]
[Site "Thessaloniki"]
[Date "2019.05.04"]
[Round "7"]
[White "Stets, Dmitry"]
[Black "Ergazakis, Ioannis"]
[Result "0-1"]
[WhiteElo "2391"]
[BlackElo "2279"]
[PlyCount "82"]
[EventDate "2019.04.29"]
[EventType "swiss"]
[EventRounds "9"]
[EventCountry "GRE"]
[SourceTitle "CBM 190 Extra"]
[Source "ChessBase"]
[SourceDate "2019.07.15"]
[SourceVersion "1"]
[SourceVersionDate "2019.07.15"]
[SourceQuality "1"]

1. e4 c5 2. Nc3 Nc6 3. Nge2 e5 4. Nd5 d6 5. Nec3 Nge7 6. Bc4 Nxd5 7. Nxd5 Be7 8. 0-0 0-0 9. d3 Be6 10. f4 exf4 11. Bxf4 Ne5 12. Bb3 b5 13. c3 Bg5 14. Bg3 Bg4 15. Qc2 c4 16. dxc4 bxc4 17. Ba4 Rb8 18. b3 Be6 19. Rad1 Ng4 20. Qe2 Ne5 21. Bxe5 dxe5 22. Nf6+ Bxf6 23. Rxd8 Rfxd8 24. bxc4 Bg5 25. Bb3 g6 26. Qf3 Rd7 27. Kh1 h5 28. Qf2 Rc7 29. h4 Bf4 30. Rd1 Bxc4 31. Bxc4 Rxc4 32. g3 Bh6 33. Rd7 Rf8 34. Qf3 Ra4 35. Qe2 Rb8 36. Qf2 Rf8 37. Qc2 Ra3 38. Kg2 Rc8 39. Qf2 f5 40. Rd6 f4 41. Qd2 f3+ 0-1

[Event "Untergrombach op 36th"]
[Site "Untergrombach"]
[Date "2019.01.06"]
[Round "7"]
[White "Stets, Dmitry"]
[Black "Kurayan, Ruslan"]
[Result "1-0"]
[WhiteElo "2374"]
[BlackElo "2376"]
[PlyCount "109"]
[EventDate "2019.01.02"]
[EventType "swiss"]
[EventRounds "7"]
[EventCountry "GER"]
[SourceTitle "CBM 188 Extra"]
[Source "ChessBase"]
[SourceDate "2019.02.28"]
[SourceVersion "1"]
[SourceVersionDate "2019.02.28"]
[SourceQuality "1"]

1. e4 c5 2. Nf3 d6 3. d4 Nf6 4. Nc3 cxd4 5. Nxd4 g6 6. Be3 Bg7 7. f3 0-0 8. Bc4 Nc6 9. Bb3 Bd7 10. h4 Qa5 11. Qd2 Rfc8 12. h5 Nxh5 13. 0-0-0 Ne5 14. Nd5 Qxd2+ 15. Rxd2 Kf8 16. g4 Nf6 17. Rdh2 e6 18. Nxf6 Bxf6 19. Rxh7 a5 20. g5 Bg7 21. a4 Nd3+ 22. Kb1 Nc5 23. Nf5 gxf5 24. exf5 exf5 25. Rxg7 Be6 26. Bd4 Nxb3 27. cxb3 Bxb3 28. g6 Ke7 29. Rgh7 f4 30. Re1+ Kd7 31. Bc3 Re8 32. Rxe8 Rxe8 33. g7 Rg8 34. Bf6 Ke6 35. Rh6 Kf5 36. Kc1 Bxa4 37. Bc3 f6 38. Rxf6+ Kg5 39. Rxd6 Bc6 40. Rd3 Kh4 41. Be5 Kg3 42. Rd4 Bxf3 43. Rxf4 Kg2 44. Kd2 Bc6 45. Ke3 b5 46. Kd4 Bd7 47. Kd5 b4 48. Rf8 Ba4 49. Kc5 Bb3 50. Kb5 Be6 51. Kxa5 b3 52. Kb6 Kh3 53. Kc6 Kg4 54. Kd6 Bc4 55. Rf4+ 1-0

[Event "Untergrombach op 36th"]
[Site "Untergrombach"]
[Date "2019.01.05"]
[Round "5"]
[White "Stets, Dmitry"]
[Black "Shishkin, Vadim"]
[Result "1/2-1/2"]
[WhiteElo "2374"]
[BlackElo "2452"]
[PlyCount "32"]
[EventDate "2019.01.02"]
[EventType "swiss"]
[EventRounds "7"]
[EventCountry "GER"]
[SourceTitle "CBM 188 Extra"]
[Source "ChessBase"]
[SourceDate "2019.02.28"]
[SourceVersion "1"]
[SourceVersionDate "2019.02.28"]
[SourceQuality "1"]

1. e4 c5 2. Nf3 Nc6 3. d4 cxd4 4. Nxd4 Nf6 5. Nc3 d6 6. Bg5 e6 7. Qd2 a6 8. 0-0-0 Be7 9. f4 Bd7 10. Nf3 b5 11. Bxf6 gxf6 12. f5 Qb6 13. g3 0-0-0 14. Bh3 Kb8 15. fxe6 fxe6 16. Ne2 Ne5 1/2-1/2

[Event "Boeblinger op 35th"]
[Site "Boeblingen"]
[Date "2018.12.29"]
[Round "6"]
[White "Stets, Dmitry"]
[Black "Muetsch, Annmarie"]
[Result "1-0"]
[WhiteElo "2374"]
[BlackElo "2306"]
[PlyCount "77"]
[EventDate "2018.12.26"]
[EventType "swiss"]
[EventRounds "9"]
[EventCountry "GER"]
[SourceTitle "CBM 188 Extra"]
[Source "ChessBase"]
[SourceDate "2019.02.28"]
[SourceVersion "1"]
[SourceVersionDate "2019.02.28"]
[SourceQuality "1"]

1. e4 c5 2. Nc3 Nc6 3. Nge2 g6 4. d4 cxd4 5. Nxd4 Bg7 6. Be3 Nf6 7. Bc4 0-0 8. Bb3 Re8 9. 0-0 d6 10. h3 Na5 11. Qd3 b6 12. Bd5 Nxd5 13. exd5 e5 14. dxe6 fxe6 15. Rad1 d5 16. f4 Nc4 17. Bc1 Bd7 18. Rfe1 Qc8 19. Nce2 b5 20. c3 Rb8 21. a3 a5 22. Nc2 Bf8 23. b3 Nd6 24. Be3 a4 25. b4 Nc4 26. Bd4 Bd6 27. Qg3 Rf8 28. Ne3 Nxe3 29. Qxe3 Qc7 30. Rf1 Rbc8 31. Rf3 Qc4 32. Nc1 Rf5 33. Rdf1 Rcf8 34. Nd3 Rc8 35. g4 Rf7 36. Ne5 Bxe5 37. Qxe5 Kf8 38. f5 gxf5 39. gxf5 1-0

[Event "Berlin Lichtenrade op 14th"]
[Site "Berlin"]
[Date "2018.11.01"]
[Round "6"]
[White "Rakotomaharo, Fy Antenaina"]
[Black "Stets, Dmitry"]
[Result "1/2-1/2"]
[WhiteElo "2422"]
[BlackElo "2373"]
[PlyCount "94"]
[EventDate "2018.10.27"]
[EventType "swiss"]
[EventRounds "9"]
[EventCountry "GER"]
[SourceTitle "CBM 187 Extra"]
[Source "ChessBase"]
[SourceDate "2018.11.04"]
[SourceVersion "1"]
[SourceVersionDate "2018.11.04"]
[SourceQuality "1"]

1. e4 c5 2. Nf3 d6 3. d4 Nf6 4. Nc3 cxd4 5. Nxd4 g6 6. Be3 Bg7 7. f3 0-0 8. Qd2 Nc6 9. 0-0-0 d5 10. Qe1 e5 11. Nxc6 bxc6 12. exd5 Nxd5 13. Bc4 Be6 14. Kb1 Rb8 15. Bb3 a5 16. Bc5 e4 17. Bxf8 Nxc3+ 18. Qxc3 Bxc3 19. Rxd8 Rxd8 20. Bc5 Bxb3 21. axb3 Bb4 22. Be3 exf3 23. gxf3 Re8 24. Bb6 Re5 25. Rd1 Kf8 26. Bc7 Rf5 27. Rd3 h5 28. Kc1 Rg5 29. Bg3 Rf5 30. Kd1 Ke7 31. c3 Bc5 32. Bc7 Ke6 33. Ke2 Rg5 34. Rd1 Rg2+ 35. Kd3 Bd6 36. Bxd6 Kxd6 37. Kc4+ Ke5 38. Kc5 Rxb2 39. Kxc6 Rxb3 40. c4 Rc3 41. c5 Kf4 42. Kb6 a4 43. c6 a3 44. c7 a2 45. Ra1 Rb3+ 46. Ka7 Ra3+ 47. Kb7 Rb3+ 1/2-1/2

[Event "Espalion op 3rd"]
[Site "Espalion"]
[Date "2018.07.16"]
[Round "3"]
[White "Menard, Baptiste"]
[Black "Stets, Dmitry"]
[Result "0-1"]
[WhiteElo "2184"]
[BlackElo "2383"]
[PlyCount "70"]
[EventDate "2018.07.14"]
[EventType "swiss"]
[EventRounds "9"]
[EventCountry "FRA"]
[SourceTitle "CBM 185 Extra"]
[Source "ChessBase"]
[SourceDate "2018.07.29"]
[SourceVersion "1"]
[SourceVersionDate "2018.07.29"]
[SourceQuality "1"]

1. e4 c5 2. Nf3 d6 3. d4 Nf6 4. Nc3 cxd4 5. Qxd4 Bd7 6. Bg5 Nc6 7. Qd2 e6 8. 0-0-0 a6 9. g4 h5 10. gxh5 Rxh5 11. Be2 Rh8 12. h4 Qc7 13. Nd4 0-0-0 14. f4 Be7 15. h5 Nxd4 16. Qxd4 Bc6 17. Bf3 Kb8 18. Qe3 Rc8 19. Rd2 Rhd8 20. h6 gxh6 21. Rxh6 Ng8 22. Rh7 Be8 23. Kb1 Bxg5 24. fxg5 Qc5 25. Qxc5 Rxc5 26. Rg7 Ne7 27. Bh5 Ng6 28. Rg2 Re5 29. Bxg6 fxg6 30. Kc1 Kc8 31. Kd2 Rd7 32. Rg8 Kd8 33. Rg4 Rh7 34. Ne2 d5 35. exd5 Rh2 0-1

[Event "Espalion op 3rd"]
[Site "Espalion"]
[Date "2018.07.16"]
[Round "4"]
[White "Stets, Dmitry"]
[Black "Gozzoli, Yannick"]
[Result "0-1"]
[WhiteElo "2383"]
[BlackElo "2587"]
[PlyCount "50"]
[EventDate "2018.07.14"]
[EventType "swiss"]
[EventRounds "9"]
[EventCountry "FRA"]
[SourceTitle "CBM 185 Extra"]
[Source "ChessBase"]
[SourceDate "2018.07.29"]
[SourceVersion "1"]
[SourceVersionDate "2018.07.29"]
[SourceQuality "1"]

1. e4 e5 2. Nf3 Nc6 3. Bb5 a6 4. Ba4 Nf6 5. 0-0 Be7 6. Re1 b5 7. Bb3 d6 8. c3 0-0 9. d4 Bg4 10. d5 Na5 11. Bc2 c6 12. h3 Bc8 13. dxc6 Qc7 14. a4 Qxc6 15. Nbd2 Be6 16. Ng5 Bd7 17. Nf1 h6 18. Nf3 Rfc8 19. axb5 axb5 20. Bd3 Be6 21. Ng3 Nb3 22. Rxa8 Rxa8 23. Be3 Nc5 24. Bb1 Ra1 25. Nd2 Nd3 0-1

[Event "Oberliga NRW 1718"]
[Site "Germany"]
[Date "2018.04.08"]
[Round "8.2"]
[White "Becker, Marcel"]
[Black "Stets, Dmitry"]
[Result "1/2-1/2"]
[WhiteElo "2268"]
[BlackElo "2400"]
[PlyCount "81"]
[EventDate "2017.09.17"]
[EventType "team-tourn"]
[EventRounds "9"]
[EventCountry "GER"]
[SourceTitle "EXT 2019"]
[Source "ChessBase"]
[SourceDate "2018.10.10"]
[SourceVersion "1"]
[SourceVersionDate "2018.10.10"]
[SourceQuality "1"]
[WhiteTeam "Oberhausen"]
[BlackTeam "Gerresheim"]
[WhiteTeamCountry "GER"]
[BlackTeamCountry "GER"]

1. d4 Nf6 2. c4 g6 3. Nc3 Bg7 4. e4 d6 5. Be2 0-0 6. Bg5 h6 7. Be3 c5 8. d5 e6 9. Qd2 exd5 10. exd5 Kh7 11. h3 Re8 12. Nf3 Bf5 13. 0-0 Ne4 14. Nxe4 Bxe4 15. Rae1 Bxf3 16. Bxf3 Nd7 17. Kh1 Qh4 18. b3 f5 19. Bf4 Be5 20. Bxe5 Nxe5 21. Bd1 f4 22. Re4 Rf8 23. Rfe1 Rf5 24. b4 b6 25. bxc5 bxc5 26. Qb2 Raf8 27. Rxe5 dxe5 28. Bg4 R5f6 29. Rxe5 Rb6 30. Qa3 Qf6 31. Re1 h5 32. Bf3 Rfb8 33. Qxc5 Rb1 34. Rxb1 Rxb1+ 35. Kh2 Kh6 36. Qc7 Qd4 37. c5 Rb2 38. Qe7 Rxf2 39. h4 Rf1 40. Qf8+ Kh7 41. Qf7+ 1/2-1/2

[Event "Oberliga NRW 1718"]
[Site "Germany"]
[Date "2018.01.28"]
[Round "5.2"]
[White "Stets, Dmitry"]
[Black "Biriukov, Nikolai"]
[Result "0-1"]
[WhiteElo "2400"]
[BlackElo "2321"]
[PlyCount "112"]
[EventDate "2017.09.17"]
[EventType "team-tourn"]
[EventRounds "9"]
[EventCountry "GER"]
[SourceTitle "EXT 2019"]
[Source "ChessBase"]
[SourceDate "2018.10.10"]
[SourceVersion "1"]
[SourceVersionDate "2018.10.10"]
[SourceQuality "1"]
[WhiteTeam "Gerresheim"]
[BlackTeam "Wuppertal Bahn"]
[WhiteTeamCountry "GER"]
[BlackTeamCountry "GER"]

1. e4 c5 2. Nc3 Nc6 3. Nge2 a6 4. d4 cxd4 5. Nxd4 e6 6. Nxc6 bxc6 7. Bd3 e5 8. 0-0 Bc5 9. Qg4 Nf6 10. Qxg7 Rg8 11. Qh6 Rg6 12. Qh4 Rg4 13. Qh3 d6 14. Qf3 Nh5 15. h3 Qh4 16. Be3 Nf4 17. hxg4 Bxg4 18. Qg3 Qxg3 19. fxg3 Bxe3+ 20. Kh1 Nxd3 21. cxd3 Ke7 22. Nd1 Bd4 23. Rc1 Rg8 24. Nf2 Bd7 25. b3 c5 26. Nh3 a5 27. Ng1 Bb5 28. Nf3 Bxd3 29. Nxd4 exd4 30. Rf4 Be2 31. Rc2 Bg4 32. Kg1 Be6 33. Kf2 Rb8 34. Rd2 a4 35. bxa4 Ra8 36. Rh4 Rxa4 37. Rxh7 Kf6 38. Rh5 Ra3 39. Rc2 Re3 40. a4 Ra3 41. e5+ dxe5 42. Rxc5 e4 43. Rh6+ Ke7 44. Re5 e3+ 45. Kf3 Ra2 46. Ke4 Rd2 47. g4 e2 48. Kf3 d3 49. g5 Rd1 50. Rxe2 dxe2 51. Kxe2 Bg4+ 52. Ke3 Bf5 53. Ra6 Bg6 54. a5 Kd7 55. Kf4 Rd5 56. g4 Kc7 0-1

[Event "Rochefort op-A16th"]
[Site "Rochefort"]
[Date "2017.02.19"]
[Round "3"]
[White "Eugene, Floryan"]
[Black "Stets, Dmitry"]
[Result "1-0"]
[WhiteElo "2287"]
[BlackElo "2415"]
[PlyCount "105"]
[EventDate "2017.02.18"]
[EventType "swiss"]
[EventRounds "9"]
[EventCountry "FRA"]
[SourceTitle "CBM 177 Extra"]
[Source "ChessBase"]
[SourceDate "2017.04.27"]
[SourceVersion "1"]
[SourceVersionDate "2017.04.27"]
[SourceQuality "1"]

1. d4 Nf6 2. Bf4 g6 3. Nc3 d5 4. e3 Bg7 5. h4 c6 6. h5 Nxh5 7. Rxh5 gxh5 8. Qxh5 Nd7 9. Bd3 Nf8 10. Nf3 Be6 11. 0-0-0 Ng6 12. Ng5 Qd7 13. Rh1 Bg4 14. Qh2 Bf5 15. e4 dxe4 16. Bc4 e6 17. Bd6 0-0-0 18. Bc5 Bxd4 19. Rd1 Be5 20. Rxd7 Bxh2 21. Rxd8+ Rxd8 22. g3 Ne5 23. Be2 h6 24. Ngxe4 Bxe4 25. Nxe4 f5 26. Nd2 f4 27. Nf1 b6 28. Be7 Re8 29. Bd6 fxg3 30. Bxe5 g2 31. Bxh2 gxf1Q+ 32. Bxf1 h5 33. Kd2 Kd7 34. Ke3 h4 35. Be5 Ke7 36. f3 Rg8 37. Kf2 Rg5 38. Bf4 Rf5 39. Be3 e5 40. Bh3 Rh5 41. Bg4 Rh7 42. Kg2 Kf6 43. Kh3 b5 44. Bf2 Kg5 45. Be1 c5 46. Bc3 Re7 47. Bd2+ Kg6 48. Be3 c4 49. Kxh4 b4 50. Bh3 Rc7 51. Be6 a5 52. Bd5 Kf6 53. Bb6 1-0

[Event "Staufer op 29th"]
[Site "Schwaebisch Gmuend"]
[Date "2017.01.04"]
[Round "6"]
[White "Vorobiov, Evgeny E"]
[Black "Stets, Dmitry"]
[Result "1-0"]
[WhiteElo "2585"]
[BlackElo "2425"]
[PlyCount "57"]
[EventDate "2017.01.02"]
[EventType "swiss"]
[EventRounds "9"]
[EventCountry "GER"]
[SourceTitle "CBM 176 Extra"]
[Source "ChessBase"]
[SourceDate "2017.03.02"]
[SourceVersion "1"]
[SourceVersionDate "2017.03.02"]
[SourceQuality "1"]

1. d4 Nf6 2. c4 g6 3. g3 Bg7 4. Bg2 0-0 5. Nc3 d6 6. Nf3 Nc6 7. 0-0 Bf5 8. d5 Na5 9. Nd2 c6 10. b4 Nxd5 11. cxd5 Bxc3 12. e4 Bxe4 13. Nxe4 Bxa1 14. bxa5 Bg7 15. a6 c5 16. h4 bxa6 17. h5 Rb8 18. hxg6 hxg6 19. Qg4 Qc8 20. Qh4 Re8 21. Bh3 Qb7 22. Ng5 Qxd5 23. Qh7+ Kf8 24. Ne6+ fxe6 25. Qxg6 Qf3 26. Bf4 Rb4 27. Bxe6 Rxf4 28. gxf4 Qxf4 29. Rb1 1-0

[Event "Figueira da Foz op 10th"]
[Site "Figueira da Foz"]
[Date "2016.11.04"]
[Round "7"]
[White "Stets, Dmitry"]
[Black "Piasetski, Leon David"]
[Result "1/2-1/2"]
[WhiteElo "2436"]
[BlackElo "2329"]
[PlyCount "111"]
[EventDate "2016.10.30"]
[EventType "swiss"]
[EventRounds "9"]
[EventCountry "POR"]
[SourceTitle "CBM 175 Extra"]
[Source "ChessBase"]
[SourceDate "2016.12.12"]
[SourceVersion "1"]
[SourceVersionDate "2016.12.12"]
[SourceQuality "1"]

1. e4 c5 2. Nf3 d6 3. d4 cxd4 4. Nxd4 Nf6 5. Nc3 a6 6. Be3 e5 7. Nb3 Be6 8. Qd2 Nbd7 9. 0-0-0 b5 10. f4 Rc8 11. Kb1 h5 12. Be2 Be7 13. Rhe1 Qc7 14. h3 h4 15. Nd5 Bxd5 16. exd5 Ne4 17. Qc1 f5 18. Bd3 Ndf6 19. fxe5 dxe5 20. Bg5 Ng3 21. Nd4 e4 22. d6 Qxd6 23. Nxf5 Nxf5 24. Bxe4 Nxe4 25. Rxd6 Nfxd6 26. Bf4 Rf8 27. Bxd6 Nxd6 28. Qg5 Rf7 29. Qxh4 Kd7 30. Qd4 Rc6 31. a3 Bf6 32. Qa7+ Kd8 33. Qa8+ Kc7 34. Qg8 Rd7 35. c3 Rd8 36. Qh7 Nc4 37. Qh5 Rd2 38. Re2 Rxe2 39. Qxe2 Rd6 40. Qf2 Kb7 41. Qf3+ Kc7 42. Qf4 Kd7 43. Qf5+ Kd8 44. Qf4 Rd1+ 45. Ka2 Rd2 46. Qb8+ Ke7 47. Qb7+ Kf8 48. Qc8+ Kf7 49. Qb7+ Be7 50. Ka1 g6 51. b3 Rd1+ 52. Ka2 Rd2+ 53. Ka1 Rd1+ 54. Ka2 Rd2+ 55. Ka1 Nxa3 56. Qxa6 1/2-1/2